00458nam a2200193Ia 4500003000900000008004100009040001300050040001300063041000800076100002500084245006000109250001100169260001200180260000900192300001100201300001000212490003500222490000700257IT-RoPAU120407s9999 xx 000 0 und d aIT-RoPAU cIT-RoPAU aita aFriedrich Nietzesche a"La mia vita. 5a ed. Scritti autobiografici 1856-1869." aMilano aAdelphi c1987 a187 p. c18 cm aPiccola Biblioteca Adelphi, 46 v46